000 00345 a2200169 4500
001 175311
020 _a85-16-01922-5
040 _cMagnum
100 _aMontanari, Valdir
240 1 0 _aGlobalização
_lpor
245 1 0 _aGlobalização
300 _a63
362 0 _a1998
440 1 _aModerna
697 _aGEOGRAFIA GERAL
942 _cBK
999 _c175311
_d175311